000 01225nam a2200289 i 4500
001 17772
003 ES-MaACL
005 20250903092856.0
007 t|
008 010523s1907 sp c |||| | spa d
040 _cES-MaACL
080 _a017.1(460.27 M.) Ateneo
245 0 0 _aCatálogo de las obras sobre penas, prisiones y sistemas penitenciarios donadas al Ateneo de Madrid por el Excmo. Sr. D. Francisco Lastres :
_b21 de febrero de 1907.
260 _aMadrid :
_b[s.n.],
_c1907
_f(Imp. de los Hijos de M.G. Hernández)
300 _a49 páginas ;
_c20 cm.
530 _aDisponible en formato digital
610 2 4 _aAteneo de Madrid.
_bBiblioteca-
_vCatálogos
_91952
650 7 _aDerecho penitenciario
_2embne
_9188563
655 0 _aCatálogos de bibliotecas
_9193634
700 1 _aLastres y Juiz, Francisco,
_d1848-1918
_970504
852 _aES-MaACL
_cDEPOF
_j2162-F-9
_zRevisado enlace: 22 de Abril de 2025
852 _aES-MaACL
_cDEPOF
_jT-1462-F-4
_zRevisado enlace: 22 de Abril de 2025
856 _uhttps://bvpb.mcu.es/es/consulta/registro.do?id=577705
_yBiblioteca Virtual del Patrimonio Bibliográfico
942 _cFOLLETOS
999 _c17772
_d17772